The Roman emperors and Danube wine route for you (Запис номер 513703)
[ съкратено ]
| 000 -Лидер | |
|---|---|
| Контролно поле с фиксирана дължина | 01463nam a2200397 c 4500 |
| 001 - Контролен номер на записа | |
| Контролно поле | 513703 |
| 003 - Код на организацията, давaща контролен номер | |
| Контролно поле | BLK |
| 005 - Дата и час на последна редакция | |
| Контролно поле | 20240717104517.0 |
| 008 - Елементи от данни с фиксирана дължина | |
| fixed length control field | 180408b bul|||||r ||||||| ||bul|| |
| 020 ## - Международен стандартен номер на книга ISBN | |
| Международен стандартен номер на книга ISBN | 9788688595223 |
| 040 ## - Източник на каталожния запис | |
| Идентификатор на билиотеката - собственик на записа | BLK |
| 041 ## - Код за език | |
| Код за езика на текст/звукозапис или на отделно заглавие | Английски |
| -- | Сръбски |
| Код за езика КДБФ | Английски |
| 080 ## - УДК | |
| Текстов определител УДК | Лозарство. Лози |
| УДК код - определител по УДК | 634.8 |
| УДК - код + определител | 634.8(036) |
| 080 ## - УДК | |
| Текстов определител УДК | Туризъм |
| УДК код - определител по УДК | 338.48 |
| УДК - код + определител | 338.48(036) |
| 080 ## - УДК | |
| Текстов определител УДК | Паметници на културата на историческите периоди. Археологическите паметници. Старини |
| УДК код - определител по УДК | 904 |
| УДК определител | (497.2) |
| УДК - код + определител | 904(497.2) |
| 139 ## - Редно поле | |
| Авторски знак | Rom - R 75 |
| 245 10 - Сведения за заглавието | |
| Заглавие | The Roman emperors and Danube wine route for you |
| Подзаглавни данни | Vol. 2 |
| Редно поле (дума) | ed. Michael Werner |
| 257 ## - Страна на издаване | |
| Страна на създаване/издаване | България |
| 260 ## - Област на издателските данни | |
| Година на издаване | 2021 |
| Място на издаване, разпространение и проч. | Belgrade |
| 9 (RLIN) | 493678 |
| Име на издателя, разпространителя и проч. | Danube competence center |
| 300 ## - Физическа характеристика | |
| Страници | 303 p. |
| Илюстрации и др. | ill. |
| Размери/Мащаб | 20 cm |
| 380 ## - Жанр | |
| Жанр | Селско стопанство |
| 650 #0 - Допълнително описание по предмет – тема | |
| Основно описание – тема или топоним | Императори, римски |
| 9 (RLIN) | 261313 |
| 650 #0 - Допълнително описание по предмет – тема | |
| Основно описание – тема или топоним | Градове, римски |
| 9 (RLIN) | 493680 |
| 650 #7 - Допълнително описание по предмет – тема | |
| Основно описание – тема или топоним | Винопроизводство |
| 9 (RLIN) | 150734 |
| 650 #0 - Допълнително описание по предмет – тема | |
| Основно описание – тема или топоним | Туризъм, винен |
| 9 (RLIN) | 341610 |
| 651 #7 - Допълнително описание по предмет - топоним | |
| 9 (RLIN) | 178849 |
| Географско понятие | Дунав |
| 653 ## - Ключова дума – ненормативна | |
| Ключова дума | антични градове |
| 760 1# - Описание на основната серия | |
| Редна дума на основното описание | Ivanov, Rumen Teofilov |
| Място на издаване, издател и година | Bulg. Bestseller - Nat. Museum of Bulg. Books and Polygraphy, 2006 |
| Страници - том | 96 с. : с ил. |
| Заглавие | P. 1 |
| 856 4# - Електронен адрес и достъп | |
| Електронен формат | pdf - файл |
| 856 4# - Електронен адрес и достъп | |
| Електронен формат | pdf - файл |
| 942 ## - АРТИКУЛИ | |
| Вид на библиотечния материал | Книги |
| Скрит в OPAC | Не |
| Периодичен библиозапис | Да |
| 944 ## - СЪЗДАВАНЕ И РЕДАКЦИЯ на ЗАПИСА | |
| Дата на регистрацията/редакция | Нора Радева |
| Служител, извършил регистрацията/редакцията | 30545 |
| Статус, дата на статуса | Нора Радева |
| 999 ## - СИСТЕМНИ КОНТРОЛНИ НОМЕРА | |
| Koha biblionumber | 513703 |
| Koha biblioitemnumber | 513703 |
| 999 ## - СИСТЕМНИ КОНТРОЛНИ НОМЕРА | |
| Koha biblioitemnumber | 513703 |
| 999 ## - СИСТЕМНИ КОНТРОЛНИ НОМЕРА | |
| Koha biblioitemnumber | 513703 |
| 999 ## - СИСТЕМНИ КОНТРОЛНИ НОМЕРА | |
| Koha biblioitemnumber | 513703 |
| Код за отписване | Код за изгубен артикул | Източник на класификационната схема | Код за повреда | Коз за рестрикции | Код за отдаване | Артикулен № | Име на библиотеката - собственик | Име на библиотеката, в която се намира в момента | Статус (Текущо местоположение) | Дата на вписване в системата | Местоположение - отдел | Цена в лева | Инвентарен номер | Систематично азбучна сигнатура | Баркод | Цена в евро | Служебен тип на артикула |
|---|---|---|---|---|---|---|---|---|---|---|---|---|---|---|---|---|---|
| Не е изгубен | Universal Decimal Classification | Не е повреден | само за читалня | ползва се в читалня | 945974 | Регионална библиотека "Любен Каравелов" Русе | Регионална библиотека "Любен Каравелов" Русе | Хранилище | 2024-07-16 | Основен фонд - ползва се само за читалня | 15.00 | 120000911114 | Цб 323897 | 120000911114 | 7.67 | Книги | |
| Не е изгубен | Universal Decimal Classification | Не е повреден | само за читалня | ползва се в читалня | 946104 | Регионална библиотека "Любен Каравелов" Русе | Регионална библиотека "Любен Каравелов" Русе | Краезнание | 2024-07-17 | Краезнание | 20.00 | 120000911246 | К 63/R 75 | 120000911246 | 10.23 | Книги |